Socio-economic dimensions of rural women / (Record no. 88401)

MARC details
000 -LEADER
fixed length control field 00723nam a22002177a 4500
005 - DATE AND TIME OF LATEST TRANSACTION
control field 20140909155245.0
010 ## - LCCN (DPL NO)
LC control number ENG-110776
020 ## - INTERNATIONAL STANDARD BOOK NUMBER
International Standard Book Number 9788183876551
Terms of availability 995.00
035 ## - SYSTEM CONTROL NUMBER
System control number EN-94308
037 ## - SOURCE OF ACQUISITION
Source of stock number/acquisition DBAD/PUB
082 ## - DEWEY DECIMAL CLASSIFICATION NUMBER
Classification number 305.42095484
100 ## - MAIN ENTRY--PERSONAL NAME
Personal name Vanajamma, K.H.
245 ## - TITLE STATEMENT
Title Socio-economic dimensions of rural women /
Statement of responsibility, etc by K.H. Vanajmma , G.Raju [and] G. Sathyanarayana
260 ## - PUBLICATION, DISTRIBUTION, ETC. (IMPRINT)
Place of publication, distribution, etc New Delhi
Name of publisher, distributor, etc Serials Publications
Date of publication, distribution, etc 2014
270 ## - ADDRESS
Address 4830/24, Prahlad Street, Ansari Road, Darya Ganj
City New Delhi
Postal code 110002
300 ## - PHYSICAL DESCRIPTION
Extent viii,219p.
Dimensions 22cm(Hb)
500 ## - GENERAL NOTE
General note Includes bibliographical references
700 ## - ADDED ENTRY--PERSONAL NAME
Personal name Raju, G.
700 ## - ADDED ENTRY--PERSONAL NAME
Personal name Sathyanarayana, G.
942 ## - ADDED ENTRY ELEMENTS (KOHA)
Source of classification or shelving scheme Dewey Decimal Classification
Item type English Books
Classification part 305.42095484
Call number suffix VAN
Holdings
Withdrawn status Lost status Not for loan Collection code Home library Current library Date acquired Source of acquisition Cost, normal purchase price Full call number Barcode Copy number Cost, replacement price Koha item type
    Not For Loan Non-fiction D.B.Act.Division D.B.Act.Division 08/09/2014 DBAD/PUB 995.00 305.42095484 VAN EN-94308 1 995.00 English Books

© Delhi Public Library
Hit Counter
free hit counter